| 000 | 01734nam a2200421 c 4500 | ||
|---|---|---|---|
| 001 | 21823 | ||
| 003 | ES-MaCES | ||
| 005 | 20141221122739.0 | ||
| 008 | 090202s2008 sp d t o000 | spa d | ||
| 017 |
_aMU 2599-2008 _bDL |
||
| 020 | _a9788469163764 | ||
| 035 | _aCES20090001124m | ||
| 040 |
_aES-MaCES _bspa _cES-MaCES |
||
| 245 | 0 | 0 |
_aBuenas prácticas en la negociación colectiva _b: promoción de la igualdad de género y conciliación de la vida familiar y laboral _cFaustino Cavas Martínez, José Luján Alcaraz (directores) ; autores, Faustino Cava Martínez ... [et al.] |
| 260 |
_aMurcia _bConsejo Económico y Social de la Región de Murcia _c[2008] |
||
| 300 |
_a350 p. _bgráf. bl. y n. _c24 cm |
||
| 490 | 1 |
_aColección Estudios _v23 |
|
| 504 | _aBibliografía: p. 345-350 | ||
| 541 | _cGratuito | ||
| 650 | 4 |
_anegociación colectiva _928362 |
|
| 650 | 4 |
_aigualdad de oportunidades _927183 |
|
| 650 | 4 |
_adiscriminación por razones de sexo _929521 |
|
| 650 | 4 |
_aigualdad de oportunidades en el empleo _930649 |
|
| 650 | 4 |
_acondiciones de trabajo _928327 |
|
| 650 | 4 |
_acondiciones de empleo _930040 |
|
| 650 | 4 |
_aconciliación _927303 |
|
| 650 | 4 |
_afamilia _927318 |
|
| 650 | 4 |
_aresponsabilidades familiares _930598 |
|
| 650 | 4 |
_arepertorio de recomendaciones prácticas _929261 |
|
| 653 | 1 | 0 | _aRelaciones laborales-Empleo |
| 700 | 1 |
_aCavas Martínez, Faustino _99355 |
|
| 700 | 1 |
_aLuján Alcaraz, José _edir. _917142 |
|
| 710 | 2 |
_aConsejo Económico y Social de la Región de Murcia _eed. _92442 |
|
| 830 | 0 |
_aColección Estudios (Consejo Económico y Social de la Región de Murcia _v23 _932675 |
|
| 902 | _aLIB Libro | ||
| 942 |
_2CES _cBK _h2.0. |
||
| 999 |
_c21823 _d21823 |
||